<?xml version="1.0" encoding="UTF-8"?>
<collection xmlns="http://www.loc.gov/MARC21/slim">
 <record>
  <leader>06750cam a2200877   4500</leader>
  <controlfield tag="001">870954113</controlfield>
  <controlfield tag="003">DE-627</controlfield>
  <controlfield tag="005">20220203070519.0</controlfield>
  <controlfield tag="007">tu</controlfield>
  <controlfield tag="008">161025s2016    xxk||||| cc   00| ||eng c</controlfield>
  <datafield tag="020" ind1=" " ind2=" ">
   <subfield code="a">9781910433942</subfield>
   <subfield code="9">978-1-910433-94-2</subfield>
  </datafield>
  <datafield tag="035" ind1=" " ind2=" ">
   <subfield code="a">(DE-627)870954113</subfield>
  </datafield>
  <datafield tag="035" ind1=" " ind2=" ">
   <subfield code="a">(DE-576)483133736</subfield>
  </datafield>
  <datafield tag="035" ind1=" " ind2=" ">
   <subfield code="a">(DE-599)GBV870954113</subfield>
  </datafield>
  <datafield tag="035" ind1=" " ind2=" ">
   <subfield code="a">(OCoLC)965606240</subfield>
  </datafield>
  <datafield tag="035" ind1=" " ind2=" ">
   <subfield code="a">(OCoLC)965606240</subfield>
  </datafield>
  <datafield tag="040" ind1=" " ind2=" ">
   <subfield code="a">DE-627</subfield>
   <subfield code="b">ger</subfield>
   <subfield code="c">DE-627</subfield>
   <subfield code="e">rda</subfield>
  </datafield>
  <datafield tag="041" ind1=" " ind2=" ">
   <subfield code="a">eng</subfield>
  </datafield>
  <datafield tag="044" ind1=" " ind2=" ">
   <subfield code="c">XA-GB</subfield>
  </datafield>
  <datafield tag="050" ind1=" " ind2="0">
   <subfield code="a">N6490</subfield>
  </datafield>
  <datafield tag="082" ind1="0" ind2=" ">
   <subfield code="a">700.411</subfield>
  </datafield>
  <datafield tag="084" ind1=" " ind2=" ">
   <subfield code="a">LO 90850</subfield>
   <subfield code="2">rvk</subfield>
   <subfield code="0">(DE-625)rvk/105562:</subfield>
  </datafield>
  <datafield tag="084" ind1=" " ind2=" ">
   <subfield code="a">NQ 8800</subfield>
   <subfield code="2">rvk</subfield>
   <subfield code="0">(DE-625)rvk/129066:</subfield>
  </datafield>
  <datafield tag="084" ind1=" " ind2=" ">
   <subfield code="a">LH 45290</subfield>
   <subfield code="q">BVB</subfield>
   <subfield code="2">rvk</subfield>
   <subfield code="0">(DE-625)rvk/93574:</subfield>
  </datafield>
  <datafield tag="084" ind1=" " ind2=" ">
   <subfield code="a">20.52</subfield>
   <subfield code="2">bkl</subfield>
  </datafield>
  <datafield tag="084" ind1=" " ind2=" ">
   <subfield code="a">89.15</subfield>
   <subfield code="2">bkl</subfield>
  </datafield>
  <datafield tag="084" ind1=" " ind2=" ">
   <subfield code="a">15.90</subfield>
   <subfield code="2">bkl</subfield>
  </datafield>
  <datafield tag="245" ind1="1" ind2="0">
   <subfield code="a">Red Africa</subfield>
   <subfield code="b">affective communities and the Cold War</subfield>
   <subfield code="c">edited by Mark Nash</subfield>
  </datafield>
  <datafield tag="264" ind1=" " ind2="1">
   <subfield code="a">London</subfield>
   <subfield code="b">Black Dog Publishing</subfield>
   <subfield code="c">[2016]</subfield>
  </datafield>
  <datafield tag="264" ind1=" " ind2="4">
   <subfield code="c">© 2016</subfield>
  </datafield>
  <datafield tag="300" ind1=" " ind2=" ">
   <subfield code="a">191 Seiten</subfield>
   <subfield code="b">Illustrationen (teilweise farbig)</subfield>
   <subfield code="c">28 cm</subfield>
  </datafield>
  <datafield tag="336" ind1=" " ind2=" ">
   <subfield code="a">Text</subfield>
   <subfield code="b">txt</subfield>
   <subfield code="2">rdacontent</subfield>
  </datafield>
  <datafield tag="337" ind1=" " ind2=" ">
   <subfield code="a">ohne Hilfsmittel zu benutzen</subfield>
   <subfield code="b">n</subfield>
   <subfield code="2">rdamedia</subfield>
  </datafield>
  <datafield tag="338" ind1=" " ind2=" ">
   <subfield code="a">Band</subfield>
   <subfield code="b">nc</subfield>
   <subfield code="2">rdacarrier</subfield>
  </datafield>
  <datafield tag="500" ind1=" " ind2=" ">
   <subfield code="a">Literaturangaben</subfield>
  </datafield>
  <datafield tag="520" ind1=" " ind2=" ">
   <subfield code="a">It is now almost 25 years since the fall of the Berlin Wall, the fragmentation of the Soviet Union into a series of republics and the rejection of communist politics in much of the former Eastern Bloc. Seen by many as a victory for the capitalist West over the communist East, the geopolitics of this period was far more complicated than this. Across a series of essays and artist contributions, Red Africa explores the crosscurrents of international solidarity and friendship. The aesthetic experience of the works and the exhibition is also an invitation for the visitor to explore what Leila Ghandi and others have described as a politics of affective community. Red Africa is the culmination of a two-year research programme and exhibition project at Calvert 22, London, and Iwalewa House, Bayreuth. This traced the work of African artists and filmmakers who studied in the Soviet Union and Eastern Bloc under free education schemes originally offered under the Third International, discontinued during Stalin's reign, then brought back during Khruschev's thaw. Connections were particularly strong with countries such as Mozambique, Ghana, Ethiopia and Angola that were conducting liberation struggles or which, post-independence, were part of the Non-Aligned Movement which held its first Summit conference in Belgrade in 1961. Red Africa is beautifully illustrated with film stills, artworks and archival images drawing on the extensive research of the contributing artists, researchers and curators. Contributors include Onejoon Che, Radovan Cukic and Ivan Manojlovic, Ros Gray, Ana Balona de Oliveira, Burt Cesar, Filipa Cesar, Angela Ferreira, Yevgenyi Fiks, Kiluanji Kia Henda, Isaac Julien, Alexander Markov, Jo Ratcliffe, Polly Savage, Nadine Siegert, Manuela Ribeiro Sanches, The Travelling Communique Group, Milica Tomic, Tonel and Vanessa Vasic-Janekovic.</subfield>
  </datafield>
  <datafield tag="648" ind1=" " ind2="7">
   <subfield code="2">gnd</subfield>
   <subfield code="a">Geschichte 1945-2002</subfield>
  </datafield>
  <datafield tag="650" ind1=" " ind2="0">
   <subfield code="a">Artists, Black</subfield>
   <subfield code="z">Soviet Union</subfield>
   <subfield code="y">20th century</subfield>
   <subfield code="x">History</subfield>
  </datafield>
  <datafield tag="650" ind1=" " ind2="0">
   <subfield code="a">Intercultural communication</subfield>
   <subfield code="z">Soviet Union</subfield>
  </datafield>
  <datafield tag="650" ind1=" " ind2="0">
   <subfield code="a">Art, Modern</subfield>
   <subfield code="y">20th century</subfield>
   <subfield code="v">Exhibitions</subfield>
  </datafield>
  <datafield tag="650" ind1="0" ind2="7">
   <subfield code="0">(DE-588)4075770-5</subfield>
   <subfield code="0">(DE-627)106084968</subfield>
   <subfield code="0">(DE-576)209199482</subfield>
   <subfield code="a">Ost-West-Konflikt</subfield>
   <subfield code="2">gnd</subfield>
  </datafield>
  <datafield tag="650" ind1="0" ind2="7">
   <subfield code="0">(DE-588)4175029-9</subfield>
   <subfield code="0">(DE-627)105367575</subfield>
   <subfield code="0">(DE-576)20996085X</subfield>
   <subfield code="a">Politische Kunst</subfield>
   <subfield code="2">gnd</subfield>
  </datafield>
  <datafield tag="651" ind1=" " ind2="0">
   <subfield code="a">Soviet Union</subfield>
   <subfield code="x">Foreign relations</subfield>
   <subfield code="z">Africa</subfield>
   <subfield code="y">20th century</subfield>
  </datafield>
  <datafield tag="651" ind1=" " ind2="0">
   <subfield code="a">Soviet Union</subfield>
   <subfield code="x">Race relations</subfield>
  </datafield>
  <datafield tag="651" ind1=" " ind2="7">
   <subfield code="0">(DE-588)4000695-5</subfield>
   <subfield code="0">(DE-627)10437036X</subfield>
   <subfield code="0">(DE-576)208839046</subfield>
   <subfield code="a">Afrika</subfield>
   <subfield code="2">gnd</subfield>
  </datafield>
  <datafield tag="651" ind1=" " ind2="7">
   <subfield code="0">(DE-588)4077548-3</subfield>
   <subfield code="0">(DE-627)104152052</subfield>
   <subfield code="0">(DE-576)20920558X</subfield>
   <subfield code="a">Sowjetunion</subfield>
   <subfield code="2">gnd</subfield>
  </datafield>
  <datafield tag="651" ind1=" " ind2="7">
   <subfield code="0">(DE-588)4075730-4</subfield>
   <subfield code="0">(DE-627)104623659</subfield>
   <subfield code="0">(DE-576)209199245</subfield>
   <subfield code="a">Ostblock</subfield>
   <subfield code="2">gnd</subfield>
  </datafield>
  <datafield tag="655" ind1=" " ind2="7">
   <subfield code="a">Ausstellungskatalog</subfield>
   <subfield code="x">Calvert 22</subfield>
   <subfield code="y">04.02.-03.04.2016</subfield>
   <subfield code="z">London</subfield>
   <subfield code="0">(DE-588)4135467-9</subfield>
   <subfield code="0">(DE-627)10566491X</subfield>
   <subfield code="0">(DE-576)209660988</subfield>
   <subfield code="2">gnd-content</subfield>
  </datafield>
  <datafield tag="655" ind1=" " ind2="7">
   <subfield code="a">Ausstellungskatalog</subfield>
   <subfield code="x">Iwalewahaus</subfield>
   <subfield code="y">26.05.-18.09.2016</subfield>
   <subfield code="z">Bayreuth</subfield>
   <subfield code="0">(DE-588)4135467-9</subfield>
   <subfield code="0">(DE-627)10566491X</subfield>
   <subfield code="0">(DE-576)209660988</subfield>
   <subfield code="2">gnd-content</subfield>
  </datafield>
  <datafield tag="655" ind1=" " ind2="7">
   <subfield code="a">Ausstellungskatalog</subfield>
   <subfield code="x">Galeria Avenida da Índia</subfield>
   <subfield code="y">07.12.2016-12.03.2017</subfield>
   <subfield code="z">Lissabon</subfield>
   <subfield code="0">(DE-588)4135467-9</subfield>
   <subfield code="0">(DE-627)10566491X</subfield>
   <subfield code="0">(DE-576)209660988</subfield>
   <subfield code="2">gnd-content</subfield>
  </datafield>
  <datafield tag="689" ind1="0" ind2="0">
   <subfield code="d">g</subfield>
   <subfield code="0">(DE-588)4000695-5</subfield>
   <subfield code="0">(DE-627)10437036X</subfield>
   <subfield code="0">(DE-576)208839046</subfield>
   <subfield code="a">Afrika</subfield>
   <subfield code="2">gnd</subfield>
  </datafield>
  <datafield tag="689" ind1="0" ind2="1">
   <subfield code="d">s</subfield>
   <subfield code="0">(DE-588)4075770-5</subfield>
   <subfield code="0">(DE-627)106084968</subfield>
   <subfield code="0">(DE-576)209199482</subfield>
   <subfield code="a">Ost-West-Konflikt</subfield>
   <subfield code="2">gnd</subfield>
  </datafield>
  <datafield tag="689" ind1="0" ind2="2">
   <subfield code="d">s</subfield>
   <subfield code="0">(DE-588)4175029-9</subfield>
   <subfield code="0">(DE-627)105367575</subfield>
   <subfield code="0">(DE-576)20996085X</subfield>
   <subfield code="a">Politische Kunst</subfield>
   <subfield code="2">gnd</subfield>
  </datafield>
  <datafield tag="689" ind1="0" ind2="3">
   <subfield code="d">s</subfield>
   <subfield code="0">(DE-588)4055785-6</subfield>
   <subfield code="0">(DE-627)106156829</subfield>
   <subfield code="0">(DE-576)209115394</subfield>
   <subfield code="a">Sozialismus</subfield>
   <subfield code="2">gnd</subfield>
  </datafield>
  <datafield tag="689" ind1="0" ind2=" ">
   <subfield code="5">(DE-627)</subfield>
  </datafield>
  <datafield tag="700" ind1="1" ind2=" ">
   <subfield code="a">Nash, Mark</subfield>
   <subfield code="d">1947-</subfield>
   <subfield code="e">HerausgeberIn</subfield>
   <subfield code="0">(DE-588)131938746</subfield>
   <subfield code="0">(DE-627)516184792</subfield>
   <subfield code="0">(DE-576)298848821</subfield>
   <subfield code="4">edt</subfield>
  </datafield>
  <datafield tag="710" ind1="2" ind2=" ">
   <subfield code="a">Calvert 22 Foundation</subfield>
   <subfield code="e">Gastgebende Institution</subfield>
   <subfield code="0">(DE-588)1123576831</subfield>
   <subfield code="0">(DE-627)876983174</subfield>
   <subfield code="0">(DE-576)481807101</subfield>
   <subfield code="4">his</subfield>
  </datafield>
  <datafield tag="710" ind1="2" ind2=" ">
   <subfield code="a">Iwalewa-Haus</subfield>
   <subfield code="g">Bayreuth</subfield>
   <subfield code="e">Gastgebende Institution</subfield>
   <subfield code="0">(DE-588)2072242-4</subfield>
   <subfield code="0">(DE-627)10378408X</subfield>
   <subfield code="0">(DE-576)192165232</subfield>
   <subfield code="4">his</subfield>
  </datafield>
  <datafield tag="710" ind1="2" ind2=" ">
   <subfield code="a">Galeria Avenida da India</subfield>
   <subfield code="e">Gastgebende Institution</subfield>
   <subfield code="0">(DE-588)1131260228</subfield>
   <subfield code="0">(DE-627)885655699</subfield>
   <subfield code="0">(DE-576)487900367</subfield>
   <subfield code="4">his</subfield>
  </datafield>
  <datafield tag="787" ind1="0" ind2="8">
   <subfield code="i">Rezensiert in</subfield>
   <subfield code="a">Kravagna, Christian, 1962 - </subfield>
   <subfield code="t">[Rezension von: Mark Nash (ed.), Red Africa. Affective communities and the Cold War]</subfield>
   <subfield code="d">2018</subfield>
   <subfield code="w">(DE-627)1788421299</subfield>
  </datafield>
  <datafield tag="856" ind1="4" ind2="2">
   <subfield code="u">http://www.sehepunkte.de/2018/09/29668.html</subfield>
   <subfield code="m">V:DE-576;X:Sehepunkte</subfield>
   <subfield code="q">text/html</subfield>
   <subfield code="v">20181002123037</subfield>
   <subfield code="3">Rezension</subfield>
  </datafield>
  <datafield tag="856" ind1="4" ind2="2">
   <subfield code="u">http://swbplus.bsz-bw.de/bsz483133736rez.htm</subfield>
   <subfield code="m">V:DE-576;B:DE-16</subfield>
   <subfield code="q">application/pdf</subfield>
   <subfield code="v">20181022153053</subfield>
   <subfield code="3">Rezension</subfield>
  </datafield>
  <datafield tag="935" ind1=" " ind2=" ">
   <subfield code="i">Blocktest</subfield>
  </datafield>
  <datafield tag="936" ind1="r" ind2="v">
   <subfield code="a">LO 90850</subfield>
   <subfield code="b">Kunstgeschichte Afrikas allgemein, Gesamtdarstellungen</subfield>
   <subfield code="k">Kunstgeschichte</subfield>
   <subfield code="k">Kunst nach Ländern bzw. Kontinenten</subfield>
   <subfield code="k">Afrika</subfield>
   <subfield code="k">Kunstgeschichte Afrikas allgemein, Gesamtdarstellungen</subfield>
   <subfield code="0">(DE-627)1270636650</subfield>
   <subfield code="0">(DE-625)rvk/105562:</subfield>
   <subfield code="0">(DE-576)200636650</subfield>
  </datafield>
  <datafield tag="936" ind1="r" ind2="v">
   <subfield code="a">NQ 8800</subfield>
   <subfield code="b">Allgemeines</subfield>
   <subfield code="k">Geschichte</subfield>
   <subfield code="k">Geschichte seit 1918</subfield>
   <subfield code="k">Geschichte auswärtiger Staaten seit 1945</subfield>
   <subfield code="k">Afrika und Vorderer Orient</subfield>
   <subfield code="k">Allgemeines</subfield>
   <subfield code="0">(DE-627)1271473135</subfield>
   <subfield code="0">(DE-625)rvk/129066:</subfield>
   <subfield code="0">(DE-576)201473135</subfield>
  </datafield>
  <datafield tag="936" ind1="r" ind2="v">
   <subfield code="a">LH 45290</subfield>
   <subfield code="b">London</subfield>
   <subfield code="k">Kunstgeschichte</subfield>
   <subfield code="k">Allgemeines. Allgemeine Kunstgeschichte</subfield>
   <subfield code="k">Ausstellungswesen, Ausstellungskataloge</subfield>
   <subfield code="k">Ausstellungskataloge</subfield>
   <subfield code="k">Orte L</subfield>
   <subfield code="k">London</subfield>
   <subfield code="0">(DE-627)1270717766</subfield>
   <subfield code="0">(DE-625)rvk/93574:</subfield>
   <subfield code="0">(DE-576)200717766</subfield>
  </datafield>
  <datafield tag="936" ind1="b" ind2="k">
   <subfield code="a">20.52</subfield>
   <subfield code="j">Afrikanische Kunst</subfield>
   <subfield code="0">(DE-627)106406809</subfield>
  </datafield>
  <datafield tag="936" ind1="b" ind2="k">
   <subfield code="a">89.15</subfield>
   <subfield code="j">Kommunismus</subfield>
   <subfield code="x">Politologie</subfield>
   <subfield code="0">(DE-627)106418025</subfield>
  </datafield>
  <datafield tag="936" ind1="b" ind2="k">
   <subfield code="a">15.90</subfield>
   <subfield code="j">Afrika: Allgemeines</subfield>
   <subfield code="x">Geschichte</subfield>
   <subfield code="0">(DE-627)106405349</subfield>
  </datafield>
  <datafield tag="951" ind1=" " ind2=" ">
   <subfield code="a">BO</subfield>
  </datafield>
  <datafield tag="990" ind1=" " ind2=" ">
   <subfield code="a">Afrika</subfield>
  </datafield>
  <datafield tag="990" ind1=" " ind2=" ">
   <subfield code="a">Ost-West-Konflikt</subfield>
  </datafield>
  <datafield tag="990" ind1=" " ind2=" ">
   <subfield code="a">Politische Kunst</subfield>
  </datafield>
  <datafield tag="990" ind1=" " ind2=" ">
   <subfield code="a">Sozialismus</subfield>
  </datafield>
  <datafield tag="991" ind1=" " ind2=" ">
   <subfield code="a">Rezensiertes Werk</subfield>
  </datafield>
  <datafield tag="999" ind1=" " ind2=" ">
   <subfield code="a">KXP-PPN870954113</subfield>
   <subfield code="e">4052216865</subfield>
  </datafield>
 </record>
</collection>
